| 000 | 00496nam a22001817a 4500 | ||
|---|---|---|---|
| 003 | CEME | ||
| 005 | 20210628210133.0 | ||
| 008 | 210215b xxu||||| |||| 00| 0 eng d | ||
| 020 | _a81-7635-301-9 | ||
| 040 | _c. | ||
| 082 | _a005.7565 THA | ||
| 100 |
_aThakkar, Meghraj _978249 |
||
| 245 | _aTeach yourself oracle 8i on windows nt in 24 hours | ||
| 260 |
_aNEW DELHI _bTECHMEADI _c1999 |
||
| 300 | _a596P | ||
| 650 |
_aWINDOWS NT-ORACLE 8I ORACLE 8I ON WINDOWS NT _978250 |
||
| 942 |
_cBK _2ddc |
||
| 999 |
_c583400 _d583400 |
||